Aplicación del proceso enfermero : fundamento del razonamiento clínico (Registro nro. 21811)
[ vista simple ]
| 000 -LEADER | |
|---|---|
| fixed length control field | 03213nam a22002417a 4500 |
| 001 - CONTROL NUMBER | |
| control field | 021626 |
| 003 - CONTROL NUMBER IDENTIFIER | |
| control field | DO-CoUTE |
| 005 - DATE AND TIME OF LATEST TRANSACTION | |
| control field | 20260204212650.0 |
| 008 - FIXED-LENGTH DATA ELEMENTS--GENERAL INFORMATION | |
| fixed length control field | 220804b dr ||||| |||| 00| 0 spa d |
| 020 ## - INTERNATIONAL STANDARD BOOK NUMBER | |
| International Standard Book Number | 978-1-60913-697-0 |
| 040 ## - CATALOGING SOURCE | |
| Original cataloging agency | DO-CoUTE |
| Language of cataloging | spa |
| Transcribing agency | DO-CoUTE |
| 082 ## - DEWEY DECIMAL CLASSIFICATION NUMBER | |
| Edition number | 22 |
| Classification number | 610.73069 A385a |
| Item number | 2014 |
| 100 1# - MAIN ENTRY--PERSONAL NAME | |
| Personal name | Rosalinda Alfaro-LeFevre |
| Relator term | autor |
| 245 1# - TITLE STATEMENT | |
| Title | Aplicación del proceso enfermero : fundamento del razonamiento clínico |
| Statement of responsibility, etc. | Alfaro-LeFevre, Rosalinda ; traductor María Herrero |
| 250 ## - EDITION STATEMENT | |
| Edition statement | octava edición |
| 260 ## - PUBLICATION, DISTRIBUTION, ETC. | |
| Place of publication, distribution, etc. | Barcelona, España : |
| Name of publisher, distributor, etc. | Wolters Kluwer, |
| Date of publication, distribution, etc. | 2014 |
| 300 ## - PHYSICAL DESCRIPTION | |
| Extent | 235 páginas : |
| Dimensions | 24cm. |
| 504 ## - BIBLIOGRAPHY, ETC. NOTE | |
| Bibliography, etc. note | Incluye referencias bibliográficas e índice |
| 520 ## - SUMMARY, ETC. | |
| Summary, etc. | Aplicación del proceso de enfermería: fundamentos del juicio clínico se centra en la aplicación del proceso de enfermería, el método de atención al paciente que sirve como marco para aplicar los cuidados de enfermería.<br/>Tanto el juicio clínico (aplicar los conocimientos y la experiencia a una situación clínica para desarrollar una solución) como el pensamiento crítico en enfermería (concepto más general que incluye el juicio clínico y se aplica no sólo a la atención al paciente, sino a promover el trabajo en equipo, flujos de trabajo, etc.) son habilidades imprescindibles para el profesional de esta disciplina.<br/>Sin embargo, la forma de aplicar estas habilidades y el proceso de enfermería han de adaptarse a las diferentes coyunturas históricas, como es el caso de los actuales cambios en el sistema de salud, que demanda al profesional una atención multidisciplinaria, el manejo de historiales electrónicos, un incremento de las responsabilidades, etc.<br/>Esta obra ayuda al estudiante y al profesional a poner en práctica el proceso de enfermería de forma adaptada a las necesidades actuales, a clarificar las relaciones entre proceso de enfermería, pensamiento crítico y juicio clínico, y proporciona estrategias y herramientas para desarrollar las cualidades que hoy se necesitan para desempeñarse en entornos de atención sanitaria altamente complejos y exigentes.<br/><br/>Contenidos textuales:<br/>- El tema de texto es el proceso de enfermería, que es el marco en el que se desarrolla la práctica de la atención enfermera. Por otro lado, el pensamiento crítico y el juicio clínico son cualidades que siempre han ido unidas al ejercicio de la enfermería, pero su aplicación se actualiza para adaptarse a las exigencias profesionales actuales.<br/>- Los contenidos se presentan en seis capítulos. El primero de ellos es introductorio y los cinco restantes<br/>exponen y detallan las distintas etapas del proceso enfermero (valoración, diagnóstico, planificación, puesta en práctica y evaluación).<br/><br/>Presentación:<br/>- El formato y el número de páginas del libro y su peso lo hacen manejable y muy portable.<br/>- Presentación gráfica y diseño bicolor habituales de un libro de texto. Presentación sencilla, legible, con numerosas viñetas, recuadros y titulares a gran tamaño.<br/>- No contiene fotografías, sólo esquemas sencillos que refuerzan las ideas expuestas en el texto.<br/> |
| 650 #7 - SUBJECT ADDED ENTRY--TOPICAL TERM | |
| Source of heading or term | LEMB |
| Topical term or geographic name entry element | enfermería |
| 700 1# - ADDED ENTRY--PERSONAL NAME | |
| Personal name | Herrera, Herrero |
| Relator term | traductor |
| 942 ## - ADDED ENTRY ELEMENTS (KOHA) | |
| Source of classification or shelving scheme | Dewey Decimal Classification |
| Koha item type | Libros |
| Withdrawn status | Lost status | Source of classification or shelving scheme | Damaged status | Not for loan | Collection code | Home library | Current library | Shelving location | Date acquired | Inventory number | Total Checkouts | Full call number | Barcode | Date last seen | Copy number | Price effective from | Koha item type |
|---|---|---|---|---|---|---|---|---|---|---|---|---|---|---|---|---|---|
| Dewey Decimal Classification | Colección General | Biblioteca UTECO | Biblioteca UTECO | En Estantería | 08/04/2022 | 021626 | 610.73069 A385a 2014 | 021626 | 08/04/2022 | Ej.1 | 08/04/2022 | Libros |
